[Event "Match"]
[Site "www.echecsemail.com"]
[Date "2015.01.05"]
[Round "1"]
[White "Muller42"]
[Black "Fangshuo"]
[WhiteElo "1809"]
[BlackElo "2140"]
[Result "1-0"]
[Round "1"]
1.d4 c5
2.c4 cxd4
3.Qd1xd4 Nb8c6
4.Qd4d1 Ng8f6
5.Nb1c3 e6
6.e3 d5
7.Ng1f3 Bf8b4
8.Bc1d2 e5
9.cxd5 Nf6xd5
10.Nc3xd5 Qd8xd5
11.Bd2xb4 Qd5xd1
12.Ra1xd1 Nc6xb4
13.Bf1b5 Ke7
14.a3 Nb4c2
15.Kd2 Bc8f5
16.Nf3xe5 a6
17.Bb5d3 Bf5xd3
18.Ne5xd3 { resign }
1-0

[Event "Match"]
[Site "www.echecsemail.com"]
[Date "2015.01.05"]
[Round "1"]
[White "Hundegana"]
[Black "Harrytheking"]
[WhiteElo "1900"]
[BlackElo "1760"]
[Result "1-0"]
[Round "1"]
1.d4 b6
2.e4 Bc8a6
3.Bf1xa6 Nb8xa6
4.Qd1d3 Qd8c8
5.Ng1f3 d6
6.O-O h6
7.a3 e6
8.Nb1c3 c6
9.e5 d5
10.Nc3e2 Na6c7
11.c4 Qc8a6
12.b3 Ng8e7
13.Rf1d1 dxc4
14.Qd3xc4 Qa6xc4
15.bxc4 Ne7g6
16.Ne2g3 Bf8e7
17.h3 O-O
18.Ng3e4 c5
19.dxc5 bxc5
20.Rd1d7 Nc7a6
21.Ra1b1 Kh7
22.Rb1b7 Rf8e8
23.Rb7xa7 Re8d8
24.Rd7xd8 Ra8xd8
25.Kh2 Na6b8
26.a4 Nb8c6
27.Ra7a6 Nc6b4
28.Ra6a7 Nb4d3
29.Bc1e3 Nd3b2
30.Ne4xc5 Nb2xc4
31.Nc5b3 Nc4xe3
32.fxe3 Be7b4
33.Ra7xf7 Rd8d3
34.Nb3d4 Rd3xe3
35.Nd4xe6 Ng6xe5
36.Nf3xe5 Bb4d6
37.Rf7xg7 Kh8
38.Rg7g6 Bd6xe5
39.Kg1 Re3a3
40.Rg6xh6 Kg8
41.Rh6h4 Be5g3
42.Rh4g4 Kf7
43.Ne6g5 Ke7
44.Kf1 Ra3a1
45.Ke2 Bg3d6
46.Kd3 Ra1a3
47.Kc2 Ra3a2
48.Kb3 Ra2a3
49.Kb2 Ra3d3
50.Ng5f3 Bd6a3
51.Kc2 Rd3d8
52.Kc3 Rd8c8
53.Kb3 Ba3d6
54.a5 Rc8b8
55.Ka4 Rb8a8
56.Kb5 Kd7
57.Rg4g7 Ke6
58.a6 Kf6
59.Rg7g4 Ra8b8
60.Kc6 Ke7
61.Rg4e4 Kf6
62.Kxd6 { resign }
1-0

[Event "Match"]
[Site "www.echecsemail.com"]
[Date "2015.01.05"]
[Round "1"]
[White "Muller42"]
[Black "Sneige"]
[WhiteElo "1809"]
[BlackElo "2170"]
[Result "1-0"]
[Round "1"]
1.e4 c5
2.Nb1c3 d6
3.g3 Ng8f6
4.Bf1g2 Nb8c6
5.d3 g6
6.f4 Bf8g7
7.Ng1f3 O-O
8.O-O Bc8g4
9.Bc1e3 Qd8d7
10.Qd1d2 Ra8c8
11.Ra1e1 b6
12.e5 Bg4xf3
13.Bg2xf3 dxe5
14.fxe5 Nc6xe5
15.Qd2g2 Ne5xf3
16.Qg2xf3  { time }
1-0

[Event "Match"]
[Site "www.echecsemail.com"]
[Date "2015.01.05"]
[Round "1"]
[White "Szustan"]
[Black "Jose"]
[WhiteElo "2600"]
[BlackElo "2609"]
[Result "1/2-1/2"]
[Round "1"]
1.e4 c6
2.d4 d5
3.Nb1c3 dxe4
4.Nc3xe4 Nb8d7
5.Ng1f3 Ng8f6
6.Ne4xf6 Nd7xf6
7.Bf1d3 Bc8g4
8.c3 e6
9.h3 Bg4h5
10.O-O Bf8d6
11.Bc1g5 Qd8c7
12.Rf1e1 O-O
13.Bg5xf6 gxf6
14.a3 Ra8d8
15.Bd3e2 c5
16.Nf3h4 Bh5g6
17.Qd1b3 Kg7
18.Nh4xg6 hxg6
19.Ra1d1 f5
20.dxc5 Bd6xc5
21.Be2f3 Bc5b6
22.Rd1xd8 Rf8xd8
23.Re1d1 Rd8xd1
24.Qb3xd1 e5
25.Bf3d5 e4
26.Qd1e2 a6
27.a4 Qc7d7
28.Bd5b3 Qd7d6
29.Qe2d1 Qd6f4
30.Qd1e2 e3
31.f3 Bb6a7
32.Kf1 b5
33.axb5 axb5
34.Ke1 Qf4d6
35.g4 b4
36.gxf5 bxc3
37.bxc3 Qd6e5
38.Bb3c2 gxf5
39.Kf1 Kf8
40.Bc2d3 Ba7b6
41.Qe2b2 Qe5d6
42.Qb2e2 Qd6f4
43.c4 Bb6c5
44.Kg2 Ke7
45.Kh1 Bc5d6
{ draw }
1/2-1/2

[Event "Match"]
[Site "www.echecsemail.com"]
[Date "2015.01.05"]
[Round "1"]
[White "Canario"]
[Black "Georgepapi"]
[WhiteElo "1760"]
[BlackElo "1670"]
[Result "0-1"]
[Round "1"]
1.e4 e5
2.Ng1f3 Nb8c6
3.Bf1c4 Bf8c5
4.Nb1c3 Ng8f6
5.d3 h6
6.Nc3d5 d6
7.h3 O-O
8.a3 a5
9.Qd1e2 Nc6d4
10.Nf3xd4 Bc5xd4
11.c3 Bd4c5
12.Bc1e3 Bc5xe3
13.Qe2xe3 c6
14.Nd5b6 Ra8b8
15.O-O Rf8e8
16.b4 c5
17.Nb6xc8 Rb8xc8
18.Ra1b1 d5
19.exd5 Nf6xd5
20.Bc4xd5 Qd8xd5
21.c4 Qd5d6
22.b5 Rc8d8
23.Rb1d1 Qd6d4
24.Qe3d2 e4
25.Rf1e1 b6
26.Re1xe4 Re8xe4
27.a4 Re4e7
{ resign }
0-1

[Event "Match"]
[Site "www.echecsemail.com"]
[Date "2015.01.05"]
[Round "1"]
[White "Mdesouza"]
[Black "Longdiagonal"]
[WhiteElo "2170"]
[BlackElo "1809"]
[Result "1/2-1/2"]
[Round "1"]
1.e4 c5
2.Ng1f3 d6
3.d4 cxd4
4.Nf3xd4 Ng8f6
5.Nb1c3 a6
6.Bc1e3 e5
7.Nd4b3 Bc8e6
8.Bf1e2 Nb8d7
9.Qd1d2 Ra8c8
10.O-O Bf8e7
11.Be2f3 O-O
12.Nc3d5 Nf6xd5
13.exd5 Be6f5
14.Ra1c1 b5
15.c3 Nd7b6
16.Be3xb6 Qd8xb6
17.Qd2e3 Qb6xe3
18.fxe3 Be7g5
19.Kf2 Bf5d3
20.Rf1d1 Bd3f5
21.Nb3d2 Rc8c7
22.Nd2e4 Bf5xe4
23.Bf3xe4 f5
24.Be4f3 e4
25.Bf3e2 Rf8c8
26.a4 bxa4
27.Rc1a1 Rc8b8
28.Rd1d2 Rc7b7
29.Ra1xa4 Rb7xb2
30.Rd2xb2 Rb8xb2
31.Ra4xa6 Bg5e7
32.Ra6c6 Rb2c2
33.c4 Kf7
34.h3 g6
35.g3 Kf6
{ draw }
1/2-1/2

[Event "1/128 Finale"]
[Site "www.chess-mail.com"]
[Date "2015.01.05"]
[Round "1"]
[White "Attatroll"]
[Black "Muller42"]
[WhiteElo "2070"]
[BlackElo "1809"]
[Result "0-1"]
[Round "1"]
1.e4 c6
2.Ng1f3 d5
3.exd5 cxd5
4.Nf3e5 a6
5.d4 Nb8c6
6.f4 Ng8f6
7.c3 Bc8f5
8.Nb1d2 e6
9.g4 Bf5e4
10.Nd2xe4 Nf6xe4
11.g5 Nc6xe5
12.dxe5 Qd8b6
13.Qd1a4 Kd8
14.Qa4d4 Bf8c5
15.Qd4d3 Ne4f2
16.Qd3f3 Nf2xh1
17.Qf3xh1 Bc5e3
18.Bc1xe3 Qb6xe3
19.Bf1e2 Qe3xf4
20.Ra1d1 Qf4xe5
21.Qh1g1 h6
22.Qg1b6 Qe5c7
23.Qb6d4 hxg5
24.Qd4xg7 Ke7
25.Qg7xg5 Kf8
26.h4 Qc7e7
27.Qg5g3 Qe7xh4
28.Qg3xh4 Rh8xh4
29.Kd2 b5
30.Rd1g1 d4
31.Be2f3 Ra8d8
32.Kc2 dxc3
33.bxc3 Rh4h2
34.Kb3 Rd8d3
35.Bf3b7 a5
36.a4 b4
37.Rg1c1 Rh2h3
{ resign }
0-1

[Event "1/64 Finale"]
[Site "www.chess-mail.com"]
[Date "2015.01.05"]
[Round "1"]
[White "Attatroll"]
[Black "Generalfree"]
[WhiteElo "2050"]
[BlackElo "1870"]
[Result "0-1"]
[Round "1"]
1.e4 e5
2.f4 exf4
3.Ng1f3 g5
4.h4 g4
5.Nf3e5 h5
6.Bf1c4 Ng8h6
7.d4 Bf8e7
8.Bc1xf4 Be7xh4
9.Kf1 Qd8f6
10.Qd1d2 Bh4g3
11.Ne5d3 Bg3xf4
12.Qd2f2 g3
13.Qf2xf4 Qf6xf4
14.Nd3xf4 Nb8c6
15.c3 Kf8
16.Rh1xh5 d6
17.Nb1d2 Kg8
18.Nf4d5 Bc8g4
19.Nd5f6 Kg7
20.Nf6xg4 Nh6xg4
21.Rh5g5 Kf6
22.Rg5f5 Kg6
23.Bc4xf7 Kg7
24.Ke2 Rh8h2
25.Kf3 Ng4h6
26.Rf5h5 Kxf7
27.Rh5xh2 gxh2
28.Ra1h1 Ra8f8
29.Rh1xh2 Kg7
30.Ke2 Nh6g4
31.Rh2h4 Rf8f2
32.Ke1 Rf2xg2
33.Nd2f3 Ng4e3
34.Nf3d2 b5
35.b3 Ne3c2
36.Kd1 Nc2a3
37.Rh4f4 b4
38.cxb4 Nc6xb4
39.e5 dxe5
40.dxe5 Nb4c6
41.e6 Rg2g6
42.Rf4e4 Kf8
43.Re4a4 Na3b5
44.Ra4a6 Rg6xe6
45.Nd2c4 Nb5d4
46.Kd2 Re6h6
47.Kc3 Rh6h3
48.Kd2 Ke7
49.Nc4e3 Kd6
50.b4 Rh3h2
51.Kc3 Rh2h3
52.Kd2 Ke5
53.Ne3c4 Kd5
54.Nc4e3 Ke4
55.Ne3c4 Rh3d3
56.Ke1 Nd4c2
57.Ke2 Nc2xb4
58.Ra6a4 Rd3h3
59.a3 Rh3h2
60.Kf1 Nb4d3
61.Nc4a5 Kd5
62.Na5xc6 Kxc6
63.Ra4xa7 Kb6
64.Ra7a4 Kb5
65.Ra4a7 c5
66.a4 Kb6
67.Ra7g7 Nd3b2
68.Rg7g4 Ka5
69.Kg1 Rh2c2
70.Rg4g8 Nb2xa4
71.Rg8a8 Kb4
{ resign }
0-1

[Event "Eq:Team USA-Los Tercios : "]
[Site "www.chess-mail.com"]
[Date "2015.01.05"]
[Round "1"]
[White "Shihchuliao"]
[Black "Uji40"]
[WhiteElo "1980"]
[BlackElo "1740"]
[Result "1-0"]
[Round "1"]
1.d4 Ng8f6
2.Nb1c3 d5
3.h3 g6
4.Bc1f4 a6
5.Ng1f3 Bf8g7
6.e3 O-O
7.Qd1d2 Rf8e8
8.O-O-O Nb8c6
9.Nf3e5 e6
10.g4 Nf6e4
11.Nc3xe4 dxe4
12.h4 Nc6xe5
13.Bf4xe5 Bg7xe5
14.dxe5 Qd8xd2
15.Rd1xd2 b5
16.Bf1g2 Bc8b7
17.Rd2d7 Ra8c8
18.Rh1d1 Bb7c6
19.Rd7d4 Kf8
20.Bg2xe4 Bc6xe4
21.Rd4xe4 Kg7
22.g5 h6
23.gxh6 Kxh6
24.Rd1d7 Kg7
25.Re4f4 Re8f8
26.Rf4f6 c5
27.Rd7a7 Rc8d8
28.Rf6xe6 Rd8d5
29.e4 Rd5d4
30.f3 Rf8d8
31.b3 Rd4d1
32.Kb2 Rd1h1
33.Re6e7 Rd8f8
34.e6 Rh1xh4
35.Re7xf7 Rf8xf7
36.Ra7xf7 Kg8
37.e5 Rh4h5
38.f4 b4
39.Rf7f6 Kg7
40.e7 { resign }
1-0

[Event "Eq:CONFOEDERATIONIS HELVETICAE-Los Tercios : "]
[Site "www.chess-mail.com"]
[Date "2015.01.05"]
[Round "1"]
[White "Danquigley"]
[Black "Asoka"]
[WhiteElo "2570"]
[BlackElo "2670"]
[Result "1/2-1/2"]
[Round "1"]
1.e4 c5
2.Ng1f3 d6
3.c3 Ng8f6
4.h3 Nb8c6
5.Bf1d3 d5
6.e5 Nf6d7
7.Bd3b5 Qd8a5
8.Bb5xc6 bxc6
9.O-O c4
10.d3 cxd3
11.Rf1e1 e6
12.Qd1xd3 Ra8b8
13.Qd3c2 Bf8e7
14.c4 h6
15.Nb1d2 O-O
16.Nd2b3 Qa5a4
17.cxd5 cxd5
18.Nf3d4 Bc8b7
19.Qc2c3 Rb8c8
20.Qc3g3 Kh7
21.Bc1e3 Nd7b6
22.Nb3d2 Bb7a6
23.a3 Qa4d7
24.b3 Qd7b7
25.Kh1 { draw }
1/2-1/2

[Event "Eq:La Taverne-Team USA : "]
[Site "www.chess-mail.com"]
[Date "2015.01.05"]
[Round "1"]
[White "Gatrooper"]
[Black "Nestor"]
[WhiteElo "1330"]
[BlackElo "2020"]
[Result "0-1"]
[Round "1"]
1.e4 Ng8f6
2.Nb1c3 e5
3.a3 d5
4.exd5 Nf6xd5
5.Nc3xd5 Qd8xd5
6.d3 Nb8c6
7.Ng1f3 Bf8c5
8.Bc1e3 O-O
9.Be3xc5 Qd5xc5
10.h3 Nc6d4
11.Nf3xd4 exd4
12.Bf1e2 Bc8d7
13.O-O Qc5g5
14.f4 Qg5g6
15.Be2h5 Qg6b6
16.c4 dxc3
17.Kh1 cxb2
18.Ra1b1 Qb6b5
19.Bh5f3 Bd7f5
20.Bf3e2 Ra8e8
21.Rf1e1 Qb5d5
22.Be2f3 Qd5xd3
23.Rb1xb2 b6
24.Rb2d2 Re8xe1
25.Qd1xe1 Qd3b1
26.Rd2d1 Qb1b3
27.Qe1d2 Bf5xh3
28.Qd2d8 Bh3e6
29.Qd8e7 h6
30.Rd1d8 Qb3b1
31.Kh2 Rf8xd8
32.Qe7xd8 Kh7
33.Qd8xc7 a5
34.Qc7e5 Qb1f5
35.Qe5d6 g6
36.Kg1 Qf5c5
37.Qd6xc5 bxc5
38.Bf3e2 c4
39.g4 c3
40.Be2d3 Be6b3
41.Kf1 c2
42.Bd3xc2 Bb3xc2
43.Kf2 f5
44.gxf5 Bc2xf5
45.Kg3 g5
46.fxg5 hxg5
47.Kf3 Kg6
48.Ke3 Kf6
49.Kf3 Ke5
50.Ke3 Bf5e4
51.Kf2 Kf4
52.Ke2 g4
53.Kf2 g3
54.Kg1 Kf3
55.a4 Be4c6
56.Kf1 g2
57.Kg1 Ke2
58.Kh2 Kf2
59.Kh3 Bc6f3
60.Kh2 g1B
61.Kh3 Ke2
62.Kg3 Bg1e3
63.Kh4 Kf2
64.Kh3 Be3g5
65.Kh2 Bf3g4
66.Kh1 Bg5h4
67.Kh2 Bh4g3
68.Kh1 Bg4f3
{ resign }
0-1

[Event "Eq:Good team-Slap Shot Mates : "]
[Site "www.chess-mail.com"]
[Date "2015.01.05"]
[Round "1"]
[White "Sebolix"]
[Black "Manolinex"]
[WhiteElo "2670"]
[BlackElo "2710"]
[Result "1/2-1/2"]
[Round "1"]
1.Ng1f3 c5
2.b3 d5
3.Bc1b2 Ng8f6
4.e3 e6
5.c4 Nb8c6
6.cxd5 exd5
7.Bf1e2 Bf8d6
8.O-O O-O
9.d4 Rf8e8
10.dxc5 Bd6xc5
11.Nb1c3 a6
12.Ra1c1 Bc5a7
13.h3 Bc8f5
14.Be2d3 Nf6e4
15.a3 Qd8d7
16.Qd1c2 { draw }
1/2-1/2

[Event "Fast Game"]
[Site "www.echecsemail.com"]
[Date "2015.01.05"]
[Round "1"]
[White "Difficult"]
[Black "Dschelpe"]
[WhiteElo "1449"]
[BlackElo "1289"]
[Result "1-0"]
[Round "1"]
1.e4 e5
2.Nb1c3 Ng8f6
3.f4 Nb8c6
4.d3 Bf8b4
5.Ng1f3 d6
6.Bf1e2 Nc6d4
7.O-O Nd4xe2
8.Nc3xe2 Bc8g4
9.fxe5 dxe5
10.Ne2g3 O-O
11.h3 Bb4c5
12.Kh2 Nf6e8
13.hxg4 Ne8d6
14.Ng3f5 Nd6xf5
15.gxf5 g6
16.Bc1g5 f6
17.Bg5h6 Rf8f7
18.fxg6  { time }
1-0

[Event "Tourn. n7895"]
[Site "www.chess-mail.com"]
[Date "2015.01.06"]
[Round "1"]
[White "Krasin"]
[Black "Sargentomeza"]
[WhiteElo "2230"]
[BlackElo "2279"]
[Result "1-0"]
[Round "1"]
1.e4 e5
2.Bf1c4 Ng8f6
3.Qd1e2 Nb8c6
4.Ng1f3 Bf8c5
5.c3 O-O
6.O-O d6
7.h3 d5
8.exd5 Nf6xd5
9.d3 Bc5b6
10.Bc1e3 Bc8e6
11.Nb1d2 h6
12.Bc4b3 Rf8e8
13.Bb3c2 Qd8d7
14.Nd2c4 Be6f5
15.Ra1d1 Ra8d8
16.Be3xb6 axb6
17.Rf1e1 Nd5f4
18.Qe2f1 Nf4xh3
19.Kh2 Nh3f4
20.Nc4xe5 Nc6xe5
21.Nf3xe5  { time }
1-0

[Event "Tourn. n7863"]
[Site "www.chess-mail.com"]
[Date "2015.01.06"]
[Round "1"]
[White "Anja"]
[Black "Xav77"]
[WhiteElo "1820"]
[BlackElo "1970"]
[Result "1-0"]
[Round "1"]
1.e4 e5
2.Ng1f3 d6
3.d4 exd4
4.Nf3xd4 Ng8f6
5.Nb1c3 a6
6.Bf1e2 h6
7.h3 Bc8d7
8.O-O Nb8c6
9.Rf1e1 Qd8e7
10.Bc1f4 g5
11.Bf4h2 O-O-O
12.Be2c4 Nc6xd4
13.Qd1xd4 Kb8
14.Nc3d5 c5
15.Qd4xf6 Qe7xf6
16.Nd5xf6 Bd7e6
17.Bc4xe6 fxe6
18.Ra1d1 Bf8e7
19.e5 Ka8
20.Nf6g4 d5
21.c3 h5
22.Ng4f6 Rh8h6
23.c4 d4
24.Nf6e4 g4
25.Ne4d6 Rh6g6
26.hxg4 hxg4
27.Bh2g3 Rd8h8
28.Kf1 Be7d8
29.Ke2 Bd8a5
30.Re1h1 Rg6h6
31.Rh1xh6 Rh8xh6
32.Nd6e4 Ba5b6
33.Bg3f4 Rh6h7
34.Ne4f6 Rh7g7
35.Rd1h1 Bb6c7
36.Rh1h7 Rg7xh7
37.Nf6xh7 b5
38.Kd3 Kb7
39.Nh7f6 Kc6
40.Nf6xg4 Bc7d8
41.Ng4f6 Bd8e7
42.Bf4h6 Kc7
43.g4 Kd8
44.g5 { resign }
1-0

[Event "Tourn. n7947"]
[Site "www.chess-mail.com"]
[Date "2015.01.06"]
[Round "1"]
[White "Kozakliuty"]
[Black "Rindrandria"]
[WhiteElo "1480"]
[BlackElo "1520"]
[Result "1-0"]
[Round "1"]
1.d3 g6
2.g3 c6
3.Bf1g2 Qd8b6
4.Ng1f3 Bf8g7
5.Nb1c3 Qb6b4
6.d4 c5
7.a3 Qb4a5
8.e3 d5
9.Nf3d2 e6
10.Nd2b3 { resign }
1-0

[Event "Tourn. n7947"]
[Site "www.chess-mail.com"]
[Date "2015.01.06"]
[Round "1"]
[White "Dspillman"]
[Black "Rindrandria"]
[WhiteElo "1650"]
[BlackElo "1520"]
[Result "1-0"]
[Round "1"]
1.e4 g6
2.d4 Bf8g7
3.g3 e6
4.Bf1g2 Qd8e7
5.e5 d5
6.Ng1f3 b6
7.b3 g5
8.Bc1xg5 f6
9.Bg5f4 c5
10.dxc5 Qe7xc5
11.O-O Nb8d7
12.Rf1e1 Bc8b7
13.Nb1d2 { resign }
1-0

[Event "Tourn. n7760"]
[Site "www.chess-mail.com"]
[Date "2015.01.06"]
[Round "1"]
[White "Naujzaid"]
[Black "Masti"]
[WhiteElo "1749"]
[BlackElo "1840"]
[Result "1-0"]
[Round "1"]
1.d4 Ng8f6
2.c4 e6
3.Nb1c3 Bf8b4
4.Qd1c2 O-O
5.a3 Bb4xc3
6.Qc2xc3 d5
7.Bc1g5 h6
8.Bg5xf6 Qd8xf6
9.Ng1f3 Nb8d7
10.e3 c5
11.cxd5 exd5
12.Bf1e2 b6
13.O-O Bc8b7
14.Ra1c1 Ra8c8
15.Be2b5 Rf8d8
16.Bb5xd7 Rd8xd7
17.dxc5 Qf6xc3
18.Rc1xc3 bxc5
19.Rf1c1 c4
20.Nf3d4 Bb7a6
21.b4 Rd7b7
22.Rc1d1 Kf8
23.Nd4f5 Rc8d8
24.e4  { time }
1-0

[Event "Tourn. n7787"]
[Site "www.chess-mail.com"]
[Date "2015.01.06"]
[Round "1"]
[White "Roque1"]
[Black "Naujzaid"]
[WhiteElo "1790"]
[BlackElo "1840"]
[Result "0-1"]
[Round "1"]
1.e4 c5
2.Ng1f3 d6
3.d4 cxd4
4.Nf3xd4 Ng8f6
5.Nb1c3 e6
6.Bc1g5 a6
7.Bf1e2 Bf8e7
8.O-O O-O
9.f4 Qd8c7
10.f5 Nb8c6
11.Nd4xc6 bxc6
12.Qd1d2 Qc7b6
13.Kh1 Rf8d8
14.Nc3a4 Qb6c7
15.Rf1f3 Nf6xe4
16.Qd2e3 Ne4xg5
17.Na4b6 Ra8b8
 { time }
0-1

[Event "Tourn. n7918"]
[Site "www.chess-mail.com"]
[Date "2015.01.06"]
[Round "1"]
[White "Tomcapp"]
[Black "Passaroa25"]
[WhiteElo "1450"]
[BlackElo "1520"]
[Result "1-0"]
[Round "1"]
1.e4 e6
2.Ng1f3 Ng8e7
3.Bf1c4 d6
4.e5 d5
5.Bc4b3 h6
6.d4 Nb8d7
7.Bc1e3 Nd7b6
8.Nb1c3 c6
9.O-O Ne7g6
10.a4 Bf8e7
11.a5 Nb6d7
12.Qd1d3 O-O
13.a6 b6
14.Nc3e2 b5
15.c3 Nd7b8
16.h3 Nb8xa6
17.Bb3c2 Bc8b7
18.b4 Na6c7
19.Bc2b3 a6
20.Ne2f4 Ng6xf4
21.Qd3c2 Qd8b8
22.Be3xf4 Bb7c8
23.Qc2d3 Rf8d8
24.Bb3c2 Bc8d7
25.Qd3h7 Kf8
26.Qh7h8 
1-0

[Event "Tourn. n7934"]
[Site "www.chess-mail.com"]
[Date "2015.01.06"]
[Round "1"]
[White "Generalfree"]
[Black "Faerieking"]
[WhiteElo "1680"]
[BlackElo "1499"]
[Result "0-1"]
[Round "1"]
1.g3 e5
2.d4 exd4
3.Qd1xd4 Ng8f6
4.f3 d5
5.Bc1g5 Bf8e7
6.h4 c5
7.Qd4e3 d4
8.Qe3f2 Nf6d5
9.Bg5xe7 Qd8xe7
10.Nb1d2 Nd5e3
11.Ra1c1 Nb8c6
12.a3 O-O
13.Bf1h3 f5
14.f4 b6
15.Ng1f3 Bc8b7
16.Rh1h2 Ra8e8
17.b3 c4
18.b4 b5
19.Nd2f1 Nc6xb4
20.axb4 Qe7xb4
21.Nf1d2 Qb4b2
22.Rc1b1 Qb2xc2
23.Nf3xd4 Qc2a4
24.Nd4xb5 Bb7e4
25.Nd2xe4 Re8xe4
26.Qf2f3 Qa4c2
27.Rb1b4 a5
28.Nb5d6 axb4
29.Nd6xe4 Qc2xe4
30.Qf3xe4 fxe4
31.Bh3e6 Kh8
32.Kf2 Ne3d1
33.Ke1 Nd1b2
34.e3 c3
35.Be6b3 Rf8a8
36.Kf1 Ra8a1
37.Kg2 Nb2d3
38.Kh3 g6
39.Kg4 h5
40.Kg5 Kg7
41.f5 Ra1a5
42.g4 hxg4
43.Kxg4 gxf5
44.Kg3 Ra5a1
{ resign }
0-1

[Event "Tourn. n7822"]
[Site "www.chess-mail.com"]
[Date "2015.01.06"]
[Round "1"]
[White "Olddog55"]
[Black "Geretree"]
[WhiteElo "1730"]
[BlackElo "1800"]
[Result "1-0"]
[Round "1"]
1.d4 d5
2.Ng1f3 Ng8f6
3.e3 Bc8g4
4.Bf1e2 Bg4xf3
5.Be2xf3 e6
6.O-O Nb8c6
7.b3 Bf8b4
8.c3 Bb4d6
9.Qd1d3 a6
10.Nb1d2 b5
11.e4 dxe4
12.Nd2xe4 O-O
13.Ne4xf6 Qd8xf6
14.Bf3e4 Qf6h4
15.f4 f5
16.Be4xc6 Ra8d8
17.g3 Qh4g4
18.Bc6f3 Qg4g6
19.Rf1e1 c5
20.d5 Bd6c7
21.Re1xe6 Qg6f7
22.Bc1a3 Bc7d6
23.c4 b4
24.Ba3b2 Rf8e8
25.Ra1e1 Bd6f8
26.Re6e5 Bf8d6
27.Re5e2 g6
28.g4 Bd6xf4
29.d6 Re8xe2
30.Re1xe2 Kf8
31.Re2g2 Bf4xd6
32.Bf3d5 Qf7e7
33.Kf2 Qe7h4
34.Kf3 Qh4h3
35.Ke2 Rd8e8
36.Kd2 Bd6f4
37.Kc2 Re8e3
38.Qd3f1 Qh3f3
39.Bd5xf3 { resign }
1-0

[Event "Tourn. n7833"]
[Site "www.chess-mail.com"]
[Date "2015.01.06"]
[Round "1"]
[White "Falcoale"]
[Black "Sontuozio"]
[WhiteElo "2070"]
[BlackElo "2150"]
[Result "0-1"]
[Round "1"]
1.e4 e6
2.d4 d5
3.Nb1d2 c5
4.c3 cxd4
5.cxd4 dxe4
6.Nd2xe4 Nb8d7
7.Ng1f3 Ng8f6
8.Ne4g3 Bf8d6
9.Bf1c4 O-O
10.O-O a6
11.b3 b5
12.Bc4e2 Bc8b7
13.Bc1b2 Ra8c8
14.Qd1d3 Qd8b6
15.Bb2c1 Rc8c7
16.Bc1e3 Nf6d5
17.Be3d2 Rf8c8
18.Nf3g5 Nd7f6
19.Ng3e4 Nf6xe4
20.Ng5xe4 Nd5f4
21.Bd2xf4 Bd6xf4
22.g3 Bf4h6
23.Ne4c5 Bb7a8
24.b4 Qb6c6
25.f3 g6
26.a3 Bh6g7
27.Ra1c1 Qc6d5
28.Rc1d1 Qd5d6
29.f4 Rc8d8
30.Be2f3 Bg7xd4
31.Kg2 Bd4xc5
32.Qd3xd6 Ba8xf3
33.Kxf3 Bc5xd6
34.Rd1c1 Rd8c8
35.Rc1xc7 Rc8xc7
36.Rf1d1 Rc7c3
37.Kg2 Bd6f8
38.Rd1a1 Bf8g7
39.Ra1a2 f6
40.a4 Rc3b3
41.axb5 axb5
42.Ra2a6 e5
43.fxe5 fxe5
44.h4 Rb3xb4
45.Kf3 Rb4c4
46.Ra6a8 Bg7f8
47.Ra8b8 b4
{ resign }
0-1

[Event "Tourn. n7882"]
[Site "www.chess-mail.com"]
[Date "2015.01.06"]
[Round "1"]
[White "Anja"]
[Black "Falcoale"]
[WhiteElo "1870"]
[BlackElo "2070"]
[Result "1-0"]
[Round "1"]
1.e4 c5
2.Nb1c3 Nb8c6
3.g3 e6
4.Bf1g2 Ng8f6
5.Ng1e2 a6
6.d3 Ra8b8
7.f4 b6
8.O-O Bc8b7
9.Bc1d2 Nc6d4
10.e5 Bb7xg2
11.Kxg2 Nf6d5
12.Nc3xd5 exd5
13.Ne2xd4 cxd4
14.Qd1g4 h5
15.Qg4f3 h4
16.Qf3xd5 hxg3
17.hxg3 Bf8c5
18.Rf1h1 Rh8f8
19.b4 Bc5e7
20.Qd5xd4 Rb8c8
21.c4 Qd8c7
22.Rh1h7 Qc7c6
23.Kf2 b5
24.c5 Qc6g6
25.Ra1h1 Qg6c6
26.Qd4e4 Qc6e6
27.Qe4b7 Rc8d8
28.Rh7xg7 Qe6xa2
29.Ke3 Qa2a3
30.Qb7d5 Qa3b2
31.Rh1h8 { resign }
1-0

[Event "Tourn. n7823"]
[Site "www.chess-mail.com"]
[Date "2015.01.06"]
[Round "1"]
[White "Anja"]
[Black "Georgepapi"]
[WhiteElo "1690"]
[BlackElo "1630"]
[Result "0-1"]
[Round "1"]
1.e4 e5
2.Ng1f3 Nb8c6
3.Bf1b5 a6
4.Bb5xc6 dxc6
5.O-O f6
6.d4 exd4
7.Nf3xd4 c5
8.Nd4e2 Bf8d6
9.Nb1c3 Ng8e7
10.Bc1f4 Ne7g6
11.Bf4g3 O-O
12.Qd1d5 Kh8
13.Bg3xd6 Qd8xd6
14.Ra1d1 Qd6b6
15.b3 Bc8e6
16.Qd5h5 c4
17.Nc3d5 Be6xd5
18.Rd1xd5 cxb3
19.axb3 Qb6c6
20.Ne2d4 Qc6b6
21.Nd4f3 Ng6f4
22.Qh5h4 Nf4xd5
23.exd5 Ra8d8
24.Rf1d1 Qb6b5
25.Rd1d3 Rd8xd5
{ resign }
0-1

[Event "Tourn. n7975"]
[Site "www.chess-mail.com"]
[Date "2015.01.06"]
[Round "1"]
[White "Osopanda"]
[Black "Bojan"]
[WhiteElo "1980"]
[BlackElo "1960"]
[Result "1-0"]
[Round "1"]
1.c4 g6
2.g3 Bf8g7
3.Nb1c3 c6
4.d4 Qd8a5
5.Bf1g2 e6
6.e4 c5
7.Ng1e2 cxd4
8.Ne2xd4 Nb8a6
9.O-O Qa5c5
10.Nd4b5 Bg7xc3
11.bxc3 Qc5xc4
12.Nb5d6 { resign }
1-0

[Event "Tourn. n7617"]
[Site "www.chess-mail.com"]
[Date "2015.01.06"]
[Round "1"]
[White "Squimichele"]
[Black "Cobraxx7"]
[WhiteElo "2500"]
[BlackElo "2550"]
[Result "0-1"]
[Round "1"]
1.d4 Ng8f6
2.Ng1f3 d5
3.Bc1g5 c5
4.e3 Nb8c6
5.c3 Qd8b6
6.Qd1b3 c4
7.Qb3xb6 axb6
8.Nb1d2 b5
9.Bf1e2 Bc8f5
10.Nf3h4 Bf5e6
11.f3 b4
12.e4 bxc3
13.bxc3 Ra8a3
14.Nd2b1 Ra3a4
15.Nb1d2 g6
16.Kf2 Bf8g7
17.a3 O-O
18.Rh1b1 Rf8a8
19.Rb1xb7 Nc6xd4
20.cxd4 Nf6xe4
21.fxe4 Bg7xd4
22.Bg5e3 Bd4xa1
23.exd5 Be6xd5
24.Rb7c7 c3
25.Nd2c4 Bd5xc4
26.Be2xc4 c2
27.Nh4f3 Ra4xa3
28.Be3c1 Ra3c3
29.Nf3g5 e6
30.Ng5e4 Rc3a3
31.Bc4e2 Ba1d4
32.Ke1 Ra3a2
33.Be2d3 Bd4e5
34.Rc7c4 Be5xh2
35.Bd3xc2 Ra2a1
36.Bc2d1 f5
37.Ne4d2 Ra8b8
38.Rc4c2 h5
39.Nd2b3 Ra1b1
40.Nb3d2 Rb1b7
41.Nd2f1 Bh2e5
42.Bc1e3 Rb7c7
43.Nf1d2 Rc7xc2
44.Bd1xc2 Rb8b2
45.Kd1 Rb2b4
46.Bc2b3 Kf7
47.Bb3c4 Kf6
48.Be3c5 Rb4a4
49.Kc2 g5
50.Bc4f1 Ra4a2
 { time }
0-1

[Event "Tourn. n7820"]
[Site "www.chess-mail.com"]
[Date "2015.01.06"]
[Round "1"]
[White "Sontuozio"]
[Black "Falcoale"]
[WhiteElo "2150"]
[BlackElo "2030"]
[Result "1-0"]
[Round "1"]
1.d4 Ng8f6
2.Ng1f3 e6
3.e3 b6
4.Bf1d3 Bc8b7
5.Nb1d2 c5
6.c3 d5
7.O-O c4
8.Bd3c2 Nb8c6
9.e4 b5
10.e5 Nf6d7
11.a3 a5
12.Rf1e1 b4
13.Nd2f1 Bf8e7
14.Nf1g3 O-O
15.h3 f6
16.Bc1f4 fxe5
17.Bf4xe5 Nc6xe5
18.Nf3xe5 Nd7xe5
19.dxe5 Qd8b6
20.Re1f1 Qb6c6
21.Qd1h5 g6
22.Qh5g4 Rf8f7
23.Ng3e2 Ra8f8
24.Ne2d4 Qc6b6
25.Qg4xe6 Qb6c5
26.Qe6g4 Bb7c8
27.Qg4g3 b3
28.Bc2d1 Qc5b6
29.Bd1f3 Bc8b7
30.h4 Be7c5
31.Ra1d1 Bb7c8
32.Bf3xd5 Bc5xd4
33.Bd5xf7 Rf8xf7
34.Rd1xd4 Bc8a6
35.Rd4d6 Qb6b7
36.h5 Ba6b5
37.hxg6 hxg6
38.Qg3xg6 Kf8
39.Rd6d8 Bb5e8
40.Rd8xe8 Kxe8
41.e6 { resign }
1-0

[Event "Tourn. n7804"]
[Site "www.chess-mail.com"]
[Date "2015.01.06"]
[Round "1"]
[White "Falcoale"]
[Black "Naujzaid"]
[WhiteElo "1820"]
[BlackElo "1900"]
[Result "0-1"]
[Round "1"]
1.e4 c5
2.Ng1f3 d6
3.d4 cxd4
4.Nf3xd4 Ng8f6
5.Nb1c3 e6
6.Bc1g5 a6
7.f3 Bf8e7
8.h3 O-O
9.Bf1d3 h6
10.Bg5h4 b5
11.Bh4f2 Bc8b7
12.g4 Nb8c6
13.Qd1d2 Qd8c7
14.O-O-O Nf6d7
15.Kb1 Nd7e5
16.Nd4xc6 Qc7xc6
17.Bd3e2 b4
18.Bf2d4 bxc3
19.Bd4xc3 Rf8c8
20.h4 Ne5c4
21.Qd2c1 Nc4xb2
22.Bc3xb2 Qc6b6
23.g5 h5
24.f4 Bb7xe4
25.Be2d3 Be4xh1
26.Rd1xh1 Ra8b8
27.Rh1f1 d5
28.f5 Be7a3
29.g6 Ba3xb2
{ resign }
0-1

[Event "Tourn. n7969"]
[Site "www.chess-mail.com"]
[Date "2015.01.06"]
[Round "1"]
[White "Averoes"]
[Black "Luban"]
[WhiteElo "2210"]
[BlackElo "2180"]
[Result "1-0"]
[Round "1"]
1.d4 d5
2.c4 e6
3.Ng1f3 Ng8f6
4.g3 h6
5.Bf1g2 c5
6.O-O Bf8e7
7.cxd5 exd5
8.Nb1c3 Bc8e6
9.Qd1a4 Qd8d7
10.Qa4xd7 Nb8xd7
11.dxc5 Be7xc5
12.e3 a6
13.a3 b5
14.b4 Bc5d6
15.Bc1b2 O-O
16.Ra1c1 Nd7b6
17.Nf3d4 Nb6c4
18.Rc1c2 Be6f5
19.Nd4xf5 { resign }
1-0

[Event "Tourn. n7932"]
[Site "www.chess-mail.com"]
[Date "2015.01.06"]
[Round "1"]
[White "Anja"]
[Black "Bigoak"]
[WhiteElo "1960"]
[BlackElo "1990"]
[Result "0-1"]
[Round "1"]
1.d4 Ng8f6
2.Ng1f3 d6
3.c4 g6
4.Nb1c3 Bf8g7
5.Bc1f4 O-O
6.Qd1d2 b6
7.e4 c5
8.Bf1e2 Bc8b7
9.d5 Nf6h5
10.Bf4h6 Nb8d7
11.O-O-O Qd8c7
12.Bh6xg7 Kxg7
13.Nf3g5 Nh5f6
14.h4 h5
15.f4 Nf6g4
16.Be2xg4 hxg4
17.h5 Rf8h8
18.hxg6 Kxg6
19.f5 Kg7
20.Qd2f4 Nd7e5
21.Rd1f1 Ne5d3
{ resign }
0-1

[Event "Tourn. n7933"]
[Site "www.chess-mail.com"]
[Date "2015.01.06"]
[Round "1"]
[White "Apdash"]
[Black "Cardiff"]
[WhiteElo "2150"]
[BlackElo "2140"]
[Result "1/2-1/2"]
[Round "1"]
1.d4 d5
2.Ng1f3 c6
3.e3 Bc8f5
4.c4 e6
5.Nb1c3 Ng8f6
6.cxd5 exd5
7.Bf1e2 Bf8d6
8.O-O Nb8d7
9.Rf1e1 O-O
10.Be2d3 Bf5xd3
11.Qd1xd3 Rf8e8
12.e4 dxe4
13.Nc3xe4 Nf6xe4
14.Re1xe4 Re8xe4
15.Qd3xe4 Nd7f6
16.Qe4f5 Qd8c7
17.Nf3e5 Bd6xe5
18.dxe5 Nf6d5
19.b3 Ra8e8
20.Bc1b2 Nd5e7
21.Qf5g5 h6
22.Qg5g4 Ne7g6
23.f4 Qc7b6
24.Kh1 Qb6f2
25.Qg4d7 Re8e7
26.Qd7d8 Kh7
27.f5 Qf2xf5
28.Bb2a3 Qf5xe5
29.Ra1g1 Re7e8
30.Qd8d7 Re8e6
{ draw }
1/2-1/2